000 00425pab a2200157 454500
008 180718b1987 xxu||||| |||| 00| 0 eng d
100 _aAmai, H.K.R.
245 _aAgricultural credit in Tanzania
_bA peasant perspective
260 _c1987
300 _a399-402
650 _aAgricultural Credit - Tanzania
700 _aS. Hedlund Lundahl
700 _aL.A. Msambichaka
773 _aSaving and Development
909 _a3368
999 _c3368
_d3368